| 000 | 01419 a2200265 4500 | ||
|---|---|---|---|
| 001 | 2162214035926813 | ||
| 003 | UA-OsUOA | ||
| 005 | 20260511122627.0 | ||
| 008 | 260511b un ||||| |||| 00| f ukr d | ||
| 020 | _a9786177372225 | ||
| 040 |
_aUA-OsUOA _bukr _cUA-OsUOA _dUA-OsUOA |
||
| 041 | _aukr | ||
| 080 | _a821.161.2(436.7) | ||
| 090 |
_a821.161.2(436.7) _bЯ93 |
||
| 100 |
_aЯцканин І. _925208 |
||
| 245 |
_aСтороннім вхід заборонено _bоповідання _cпередм. О. Ігнатович |
||
| 260 |
_aУжгород _bTIMPANI _c2018 |
||
| 300 | _a112 с. | ||
| 520 | _aНову книгу відомого сучасного українського письменника Словаччини Івана Яцканина складають психологічно-філософські оповідання. У творах прозаїка порушуються екзистенційні проблеми, акцентується увага на пошуках персонажами самоідентифікації. Видання розраховане на широке коло читачів. | ||
| 650 |
_a82 Література. Літературознавство _915 |
||
| 700 | 1 |
_aІгнатович О. _925212 |
|
| 942 |
_cBK _2udc |
||
| 955 | _a3 | ||
| 999 |
_c580688 _d580688 |
||